| 000 | 01694cam a2200385 i 4500 | ||
|---|---|---|---|
| 001 | 17497290 | ||
| 003 | OSt | ||
| 005 | 20180117085941.0 | ||
| 008 | 121016s2013 nyu b 001 0 eng | ||
| 010 | _a 2012042283 | ||
| 020 | _a9781610392716 (pbk. : alk. paper) | ||
| 020 | _z9781610392723 (e-book) | ||
| 040 |
_aDLC _beng _cDLC _erda _dDLC |
||
| 042 | _apcc | ||
| 043 |
_aa-ii--- _ad------ |
||
| 050 | 0 | 0 |
_aHC440.P6 _bB45 2013 |
| 082 | 0 | 0 |
_a339.4/60954 _223 |
| 100 | 1 |
_aBhagwati, Jagdish N., _d1934- |
|
| 245 | 1 | 0 |
_aWhy growth matters : _bhow economic growth in India reduced poverty and the lessons for other developing countries / _cJagdish Bhagwati, Arvind Panagariya. |
| 250 | _aFirst edition. | ||
| 300 |
_axxii, 280 pages ; _c25 cm |
||
| 504 | _aIncludes bibliographical references (pages 255-266) and index. | ||
| 650 | 0 |
_aPoverty _zIndia. |
|
| 650 | 0 |
_aPoverty _zDeveloping countries. |
|
| 650 | 0 |
_aEconomic development _zIndia. |
|
| 650 | 0 |
_aEconomic development _zDeveloping countries. |
|
| 651 | 0 |
_aIndia _xEconomic policy. |
|
| 651 | 0 |
_aDeveloping countries _xEconomic policy. |
|
| 700 | 1 | _aPanagariya, Arvind. | |
| 906 |
_a7 _bcbc _corignew _d1 _eecip _f20 _gy-gencatlg |
||
| 942 |
_2ddc _cBK |
||
| 999 |
_c2456 _d2456 |
||